• 首页
  • 本馆介绍
  • 公告通知
  • 最新文献
  • 馆藏检索
  • 电子资源
  • 读者导购
  • 参考咨询
  • 我的图书馆
  • 登录
  • 详细信息显示
  • 放入我的书架
  • 预约/预借图书
  • 作者相关作品
  • 分类相关作品
  • 丛书相关作品
  • 出版社相关作品

书目信息

  • 表格格式
  • 工作单格式
  • 卡片格式
题名:
怎样当好班组长
    
 
作者: 徐明达 著
分册:  
出版信息: 北京   机械工业出版社  2010
页数: 16,209页
开本: 25cm
丛书名:
单 册:
中图分类: F406.6
科图分类:
主题词: 生产小组--工业企业管理 , 生产小组 , 工业企业管理
电子资源:
ISBN: 978-7-111-28364-5
000 01078nam0 2200277 45
001 1050901765
005 20100415170234.40
010    @a978-7-111-28364-5@dCNY36.00
100    @a20100408e2010 em y0chiy50 ea
101 0  @achi
102    @aCN@b110000
105    @ay z 000yy
106    @ar
200 1  @a怎样当好班组长@AZen Yang Dang Hao Ban Zu Zhang@dTo be a qualified team leader@e让基层管理有效落地@ERang Ji Ceng Guan Li You Xiao Luo Di@f徐明达著@FXu Ming Da Zhu@zeng
210    @a北京@c机械工业出版社@d2010
215    @a16,209页@d25cm
330    @a本书针对班组的重要地位和班组长的工作特点,详细介绍了班组长应具备的综合素质以及解决问题的思路和方法,解答了班组长工作中的种种困惑,提供了具有很强操作性和指导性的工作方法。
510 1  @aTo be a qualified team leader@zeng
517 1  @a让基层管理有效落地@ARang Ji Ceng Guan Li You Xiao Luo Di
606 0  @a生产小组@x工业企业管理
606 0  @a生产小组
606 0  @a工业企业管理
690    @aF406.6@v4
701  0 @a徐明达@AXu Ming Da@4著
801  0 @aCN@bTANGWEI@c20100415
905    @b0591578-82@dF406.6@e203@f5
    
    怎样当好班组长=To be a qualified team leader:让基层管理有效落地/徐明达著.-北京:机械工业出版社,2010
    16,209页;25cm
    
    
    ISBN 978-7-111-28364-5:CNY36.00
    本书针对班组的重要地位和班组长的工作特点,详细介绍了班组长应具备的综合素质以及解决问题的思路和方法,解答了班组长工作中的种种困惑,提供了具有很强操作性和指导性的工作方法。
●
相关链接 在E读中查询图书 在五车中查询图书 在当当中查询图书 在豆瓣中查询图书


正题名:怎样当好班组长     索取号:F406.6/203         预约/预借

序号 登录号 条形码 馆藏地/架位号 状态 备注
1 0591578   205915786   第一样本阅览室/ [索取号:F406.6/203] 在馆    
2 0591579   205915795   密集书库-海洋学院/ [索取号:F406.6/203] 在馆    
3 0591580   205915802   第一借阅区/ [索取号:F406.6/203] 在馆    
4 0591581   205915811   第一借阅区/ [索取号:F406.6/203] 在馆    
5 0591582   205915820   密集书库-海洋学院/ [索取号:F406.6/203] 在馆    
唐山师范学院图书馆 欢迎您!
大连网信软件有限公司© 版权所有